01456nam a22001577a 4500999001900000008004100019100002500060245006700085260003200152300003600184520091700220773003201137906001101169942000701180952011101187 c524877d524877240124b ||||| |||| 00| 0 eng d aKumar, Sachin948258 aSpatial pattern of crimes in Haryana: A geographical analysis  aThe Indian Police Journal  a69(2), Apr-Jun, 2022: p.106-120 aCrime is an unpredictable occurrence that causes social harm. In India, Crime is a major source of concern for the authorities. The crime rate is rising in Haryana as the population grows, and different social, economic, and political changes in community in a variety of ways. As a result, crime analysis is critical for gaining a better knowledge of the elements that influence crime in both positive and bad ways. This study used Z-score and composite index to examine the crimes incidences across districts so that it can assist police authorities in more effectively preventing crime. The information on the crimes was gathered from the National Crime Record Bureau’s website (NCRB). These findings aid in the discovery of fresh information that may be used to improve crime prevention tactics. – Reproduced https://bprd.nic.in/WriteReadData/userfiles/file/202309260501129197672April-June,2022(F).pdf  aThe Indian Police Journal  aCRIMES cAR 00102ddc40709399923aIIPAbIIPAd2024-01-24h69(2), Apr-Jun, 2022: p.106-120pAR130683r2024-01-24yAR